Le dernier obstacle Piece en quatre actes

Bibliographic Details
Main Author: Králik, Štefan, 1909-1983 (Author)
Format: Book
Language:Undetermined
Published: Bratislava Diliza 1962

MARC

LEADER 00000nam a2200000 a 4500
001 vtls001279629
003 SK-MaSNL
005 20260302035100.0
008 240313s1962 xx 0 und
035 |a SNK000230994 
040 |a SNK  |b slo  |c SNK  |e AACR2 
100 1 |a Králik, Štefan,  |d 1909-1983  |4 aut  |9 115014 
245 1 |a Le dernier obstacle  |b Piece en quatre actes 
260 |a Bratislava  |b Diliza  |c 1962 
300 |a 80 s. 
999 |c 1069171  |d 1071101 
952 |t P60, <05>, [BOOK], {605}  |a SNK  |b SNK  |y PREZ  |7 0  |p 17A0053052  |o snkSD 28403 D1  |0 0  |1 0  |4 0  |d 1997-03-11  |l 0  |r 2005-01-02 00:00:00  |w 2026-02-24 
952 |a SNK  |b SNK  |y PREZ  |7 0  |p 17A0789140  |o snkSD 28403   |0 0  |1 0  |4 0  |d 2013-08-06  |l 0  |r 2026-02-24 15:49:53  |w 2026-02-24